<?xml version="1.0" encoding="UTF-8"?>
<record
    xmlns:xsi="http://www.w3.org/2001/XMLSchema-instance"
    xsi:schemaLocation="http://www.loc.gov/MARC21/slim http://www.loc.gov/standards/marcxml/schema/MARC21slim.xsd"
    xmlns="http://www.loc.gov/MARC21/slim">

  <leader>02243agaaa2200313   4500</leader>
  <controlfield tag="001">7213</controlfield>
  <controlfield tag="003">IT-RoPAU</controlfield>
  <controlfield tag="005">20220918181235.0</controlfield>
  <controlfield tag="007">d cvaizq</controlfield>
  <controlfield tag="008">50131s9999||||xx ||| |     ||   ||und||</controlfield>
  <datafield tag="040" ind1=" " ind2=" ">
    <subfield code="a">IT-RoPAU</subfield>
    <subfield code="c">IT-RoPAU</subfield>
  </datafield>
  <datafield tag="041" ind1=" " ind2=" ">
    <subfield code="a">ITALIANO</subfield>
  </datafield>
  <datafield tag="100" ind1=" " ind2=" ">
    <subfield code="a">Allen Woody</subfield>
    <subfield code="g">Codice regista SPICS: 9980</subfield>
    <subfield code="9">42446</subfield>
  </datafield>
  <datafield tag="130" ind1=" " ind2=" ">
    <subfield code="a">BROADWAY DANNY ROSE</subfield>
    <subfield code="9">42447</subfield>
  </datafield>
  <datafield tag="245" ind1=" " ind2=" ">
    <subfield code="a">BROADWAY DANNY ROSE</subfield>
    <subfield code="c">Prodotto da: Greenhut Robert -- Sceneggiatura: Allen Woody -- Diretto da: Allen Woody</subfield>
    <subfield code="p">BROADWAY DANNY ROSE (Rif. Codice opera principale : H7213)</subfield>
  </datafield>
  <datafield tag="250" ind1=" " ind2=" ">
    <subfield code="a">Edizione Standard</subfield>
  </datafield>
  <datafield tag="260" ind1=" " ind2=" ">
    <subfield code="a">(USA)</subfield>
    <subfield code="b">ORION PICTURES / Distribuzione: MESSAGGERIE MUSICALI</subfield>
    <subfield code="g">"1984 (1&#xB0; ed.: 2007 ; Ed. Lingua Orig.: 1984)"</subfield>
  </datafield>
  <datafield tag="300" ind1=" " ind2=" ">
    <subfield code="a">DVD</subfield>
    <subfield code="b">sonoro, col.</subfield>
    <subfield code="c">81 minuti</subfield>
  </datafield>
  <datafield tag="508" ind1=" " ind2=" ">
    <subfield code="a">"Fotografia: Willis Gordon; Montaggio: Morse Susan E.; Musica: Hyman Dick; Sceneggiatura: Allen Woody; Scenografia: Bourne Mel; "</subfield>
  </datafield>
  <datafield tag="511" ind1=" " ind2=" ">
    <subfield code="a">"Allen Woody; Farrow Mia; Forte Nick; Apollo; Baron Sandy; Corbett Monica; Storm Howard"</subfield>
  </datafield>
  <datafield tag="520" ind1=" " ind2=" ">
    <subfield code="a">DANNY ROSE E' L'IMPRESARIO TEATRALE PIU' DISASTROSO DI TUTTI I TEMPI. SUOISONO GLI SPETTACOLI CON PAPPAGALLI PIANISTI, BALLERINE DI TIP-TAP CON UNA SOLA GAMBA E VENTRILOQUI BALBUZIENTI, FINO A CHE UNA IMPROVVISA MODA NOSTALGICA PROCURA AL SUO PRINCIPALE ARTISTA, L'ASTUTO CANTANTE DI CANZONI SENTIMENTALI LOU CANOVA, UN AMBITO INGAGGIO AL WALDORF. MA QUANDO LOU SI RIFIUTA DI PROSEGUIRE A MENO CHE DANNY NON ACCOMPAGNI AL CONCERTO LA SUA AMANTE TINA, EX MOGLIE DI UN GANGSTER, LA SCENA SI TRASFORMA IN UN FALLIMENTO COMPLETO. CATTURATO CON TINA, TRUFFATO DA LOU E PRESO ADDIRITTURA IN OSTAGGIO DAI GANGSTER, DANNY SI IMBARCA IN UN'AVVENTURA DIVERTENTE ED AGRO-DOLCE NEL DISPERATO TENTATIVO DI ASSICURARE CHE LO SPETTACOLO CONTINUI PRIMA CHE IL SIPARIO CALI SU DI LUI OLTRE CHE SULLA SUA CARRIERA. CONTENUTI EXTRA: TRAILER CINEMATOGRAFICO ORIGINALE.</subfield>
  </datafield>
  <datafield tag="538" ind1=" " ind2=" ">
    <subfield code="a">PAL, STEREO</subfield>
  </datafield>
  <datafield tag="546" ind1=" " ind2=" ">
    <subfield code="a">ITALIANO</subfield>
  </datafield>
  <datafield tag="650" ind1=" " ind2=" ">
    <subfield code="a">COMMEDIA</subfield>
    <subfield code="e">DVD-FILM [DVD]</subfield>
    <subfield code="x">Codice MATERIA SPICS: 9947</subfield>
    <subfield code="9">36668</subfield>
  </datafield>
  <datafield tag="700" ind1=" " ind2=" ">
    <subfield code="a">Allen Woody </subfield>
    <subfield code="e">(regista)</subfield>
    <subfield code="g">Codice regista SPICS: 9980</subfield>
    <subfield code="9">42448</subfield>
  </datafield>
  <datafield tag="700" ind1=" " ind2=" ">
    <subfield code="a">Allen Woody </subfield>
    <subfield code="e">(soggetto)</subfield>
    <subfield code="g">Codice Soggetto SPICS: 9980</subfield>
    <subfield code="9">42449</subfield>
  </datafield>
  <datafield tag="700" ind1=" " ind2=" ">
    <subfield code="a">Hyman Dick</subfield>
    <subfield code="e">(musica)</subfield>
    <subfield code="g">Codice Musica SPICS: 26363</subfield>
    <subfield code="9">42450</subfield>
  </datafield>
  <datafield tag="942" ind1=" " ind2=" ">
    <subfield code="c">DV</subfield>
    <subfield code="2">ddc</subfield>
  </datafield>
  <datafield tag="999" ind1=" " ind2=" ">
    <subfield code="c">105624</subfield>
    <subfield code="d">105624</subfield>
  </datafield>
  <datafield tag="952" ind1=" " ind2=" ">
    <subfield code="0">0</subfield>
    <subfield code="1">0</subfield>
    <subfield code="4">0</subfield>
    <subfield code="6">H_7213_000000000000000</subfield>
    <subfield code="7">1</subfield>
    <subfield code="a">SPICS</subfield>
    <subfield code="b">SPICS</subfield>
    <subfield code="d">2015-01-31</subfield>
    <subfield code="l">0</subfield>
    <subfield code="o">H7213</subfield>
    <subfield code="r">2015-01-31 00:00:00</subfield>
    <subfield code="w">2015-01-31</subfield>
    <subfield code="y">DV</subfield>
    <subfield code="z">Progr. Ins.: 3550 / N.Vol.:1 / Copie: 1 / Pag.:0 / Copia rara: n.d. / date import: 1.2.2015 / By Epidotti, Trombetti, Vaglietti</subfield>
  </datafield>
</record>
